[Event "GER-ch U18 sf Berlin Online"]
[Site "Playchess.com INT"]
[Date "2020.05.01"]
[Round "6"]
[White "Trube, Ted"]
[Black "Bueckert, Diana"]
[Result "1-0"]
[WhiteElo "1378"]
[BlackElo "1620"]
[PlyCount "109"]
[EventDate "2020.05.01"]
[EventType "swiss (blitz)"]
[EventRounds "13"]
[EventCountry "GER"]
[SourceTitle "CBM 195 Extra"]
[Source "ChessBase"]
[SourceDate "2020.05.31"]
[SourceVersion "1"]
[SourceVersionDate "2020.05.31"]
[SourceQuality "1"]

1. e4 d5 2. e5 c5 3. Nf3 Nc6 4. Nc3 e6 5. d4 cxd4 6. Nxd4 Qb6 7. Bb5 Bd7 8. Qg4 Nxd4 9. Bxd7+ Kxd7 10. 0-0 Nxc2 11. Rb1 Nh6 12. Qg3 g6 13. Qh3 Nf5 14. a3 Nxa3 15. bxa3 Qa6 16. a4 Bg7 17. Bf4 Rhc8 18. Rfc1 h5 19. g3 Ke8 20. Ra1 Qa5 21. Nb5 Rxc1+ 22. Rxc1 Kf8 23. g4 Ne7 24. gxh5 gxh5 25. Qxh5 Qxa4 26. Nc7 Rc8 27. Bh6 Ng6 28. Bxg7+ Kxg7 29. Qg5 Qf4 30. Qxf4 Nxf4 31. Kh1 Rh8 32. Rg1+ Kf8 33. Rb1 Ne2 34. Rxb7 Ng3+ 35. fxg3 Kg7 36. Nxe6+ Kg6 37. Nf4+ Kg7 38. Rxa7 Rb8 39. Rd7 Rb1+ 40. Kg2 Rb2+ 41. Kf3 Rb3+ 42. Kg4 Kh6 43. Rxf7 d4 44. Rf8 d3 45. Kf5 d2 46. Kf6 Rb6+ 47. Kf7 Rb7+ 48. Kf6 Rb6+ 49. e6 Kh7 50. Rf7+ Kh8 51. Ke7 Rb7+ 52. Kf6 Rxf7+ 53. exf7 d1Q 54. f8Q+ Kh7 55. Qg7# 1-0

[Event "GER-ch U18 sf Berlin Online"]
[Site "Playchess.com INT"]
[Date "2020.05.01"]
[Round "2"]
[White "Trube, Ted"]
[Black "Tietz, Bennit"]
[Result "0-1"]
[WhiteElo "1378"]
[BlackElo "1624"]
[PlyCount "98"]
[EventDate "2020.05.01"]
[EventType "swiss (blitz)"]
[EventRounds "13"]
[EventCountry "GER"]
[SourceTitle "CBM 195 Extra"]
[Source "ChessBase"]
[SourceDate "2020.05.31"]
[SourceVersion "1"]
[SourceVersionDate "2020.05.31"]
[SourceQuality "1"]

1. e4 e5 2. Nf3 Nc6 3. d4 exd4 4. Nxd4 Bc5 5. Nxc6 Qf6 6. f3 bxc6 7. Nc3 Bd4 8. Bd2 d6 9. Bc4 Be6 10. Bd3 Ne7 11. Qe2 0-0 12. 0-0-0 Rfb8 13. g4 Bxc3 14. Bxc3 Qg5+ 15. Kb1 Qc5 16. b3 Qxc3 17. h4 a5 18. h5 a4 19. g5 a3 20. Kc1 Qb2+ 21. Kd2 Qxa2 22. Ra1 Qb2 23. h6 g6 24. Ke3 c5 25. f4 Qd4+ 26. Kd2 d5 27. f5 dxe4 28. fxe6 e3+ 29. Ke1 Qxa1+ 30. Qd1 Qxd1+ 31. Kxd1 fxe6 32. Re1 a2 33. Ke2 a1Q 34. Rxa1 Rxa1 35. Kxe3 Nd5+ 36. Ke4 Nc3+ 37. Ke5 Re8 38. Bc4 Re1+ 39. Kf4 Kf8 40. Bb5 Re7 41. Bc4 e5+ 42. Kg4 e4 43. Kg3 e3 44. Kg2 e2 45. Kf2 Rf1+ 46. Kg2 e1Q 47. Bxf1 Qd2+ 48. Kg3 Re3+ 49. Kg4 Qd4# 0-1

[Event "GER-ch Net Amateur Gr-C Vor2"]
[Site "Playchess.com INT"]
[Date "2020.04.15"]
[Round "9"]
[White "Glaeser, Alexander"]
[Black "Trube, Ted"]
[Result "1-0"]
[WhiteElo "1620"]
[BlackElo "1477"]
[PlyCount "43"]
[EventDate "2020.04.15"]
[EventType "swiss (blitz)"]
[EventRounds "9"]
[EventCountry "GER"]
[SourceTitle "CBM 196 Extra"]
[Source "ChessBase"]
[SourceDate "2020.07.31"]
[SourceVersion "1"]
[SourceVersionDate "2020.07.31"]
[SourceQuality "1"]

1. e4 e5 2. Nf3 Nc6 3. d4 exd4 4. Nxd4 Qf6 5. Nxc6 Qxc6 6. Nc3 Nf6 7. Bd3 Bb4 8. Bd2 d6 9. 0-0 Bxc3 10. Bxc3 Nxe4 11. Bxe4 Qxe4 12. Re1 Qxe1+ 13. Qxe1+ Be6 14. Bxg7 Rg8 15. Bf6 Rg6 16. Bh4 f6 17. Qxe6+ Kf8 18. Bxf6 Rxf6 19. Qxf6+ Kg8 20. Re1 Rf8 21. Qg5+ Kf7 22. Re7# 1-0

[Event "GER-ch Net Amateur Gr-C Vor2"]
[Site "Playchess.com INT"]
[Date "2020.04.15"]
[Round "8"]
[White "Trube, Ted"]
[Black "Schoen, Fabian"]
[Result "0-1"]
[WhiteElo "1505"]
[BlackElo "1620"]
[PlyCount "114"]
[EventDate "2020.04.15"]
[EventType "swiss (blitz)"]
[EventRounds "9"]
[EventCountry "GER"]
[SourceTitle "CBM 196 Extra"]
[Source "ChessBase"]
[SourceDate "2020.07.31"]
[SourceVersion "1"]
[SourceVersionDate "2020.07.31"]
[SourceQuality "1"]

1. e4 c6 2. Nf3 d5 3. e5 Bf5 4. d4 Nd7 5. Nc3 e6 6. Bf4 Bb4 7. Bd3 Bg6 8. 0-0 f6 9. Qd2 Qc7 10. a3 Ba5 11. b4 Bb6 12. Qe3 Ne7 13. Ne2 0-0 14. c4 dxc4 15. Bxc4 Nd5 16. Bxd5 cxd5 17. Rac1 Qd8 18. a4 Bc7 19. Nh4 fxe5 20. Nxg6 exf4 21. Ngxf4 Bxf4 22. Nxf4 Qf6 23. Nxe6 Rfe8 24. Rfe1 Re7 25. Qh3 Rae8 26. g3 Rxe6 27. Red1 Qe7 28. Kg2 Qxb4 29. Rd3 Qxa4 30. Rf3 Rf6 31. Rxf6 Nxf6 32. Qh4 Re4 33. Qg5 Qd7 34. Qd2 Kf7 35. Qc2 Re8 36. Qd2 Ne4 37. Qa5 Qd6 38. Rc7+ Re7 39. Rxe7+ Qxe7 40. Qxd5+ Qe6 41. Qxe6+ Kxe6 42. Kf3 Nf6 43. Kf4 a5 44. g4 a4 45. g5 Nd5+ 46. Ke4 a3 47. f4 a2 48. f5+ Kd6 49. f6 gxf6 50. gxf6 Nxf6+ 51. Kf5 Nd5 52. Ke4 a1Q 53. h4 Qe1+ 54. Kf5 Qe6+ 55. Kg5 Qf6+ 56. Kg4 Qf4+ 57. Kh5 Nf6# 0-1